000
00326nam a22001457a 4500
003
SGT
020
_a
978-81-312-5353-3
082
_a
616.01
_b
JAI
100
_a
JAIN, AMITA
245
_a
MICROBIOLOGY PRACTICAL MANUAL
260
_a
INIDA
_b
ELSEVIR PUB.
_c
2018
300
_a
328
650
_a
MICROBIOLOGY
942
_2
ddc
_c
BK
999
_c
32410
_d
32410